Sociálna poisťovňa výročná správa 2001

Na minha lista:
Detalhes bibliográficos
Formato: Livro
Idioma:eslovaco
inglês
Publicado em: Bratislava Sociálna poisťovňa [2002]
Assuntos:
Tags: Adicionar Tag
Sem tags, seja o primeiro a adicionar uma tag!

MARC

LEADER 00000nam$a2200000$$$4500
001 0004326
005 20240318114658.1
041 0 |a slo 
041 0 |a eng 
044 |a SK 
245 1 0 |a Sociálna poisťovňa  |b výročná správa 2001 
264 1 |a Bratislava  |b Sociálna poisťovňa  |c [2002] 
300 |a 20 s. 
610 2 0 |a poisťovníctvo 
610 2 0 |a štruktúra organizačná 
610 2 0 |a zamestnanci 
610 2 0 |a spolupráca medzinárodná 
610 2 0 |a zabezpečenie dôchodkové 
610 2 0 |a pohľadávky 
610 2 0 |a dávky 
610 2 0 |a audit